LEADER 01042nam a2200265 u 4500 001 000000049449 003 CaOOAMICUS 005 20070226115119.0 008 000630r19631976stk u000 u eng u 035 $a10851348 040 $aPUL(R)$bita 100 1 $aMoulton, James Hope,$d1863-1917.$0(OLS)http://pul/name/4113 245 12$aA Grammar of New Testament Greek /$cby James Hope Moulton. 260 $aEdinburgh :$bT. Clark,$c1976. 300 $av. ;$c22 cm 500 $a"Latest impression" 1976. 505 1 $av. 3. Syntax / by Nigel Turner. 650 4$aLingua greca biblica.$0(OLS)http://pul/subject/7797 700 1 $aTurner, Nigel.$0(OLS)http://pul/name/35770 850 $aPUL 852 $aPUL$W1$xDP1 Fondo Ciprotti$y59$m1532 F 40$j65705$nBK-PRI$b $qFondi$B65705$CPULBib$Z2$F65705 $H $81 941 1 $a1 961 $aINV: 0143. Fondo Ciprotti 996 $6245$aA Grammar of New Testament Greek$9(OLS)http://pul/title/42578 996 $6260$aEdinburgh :$bT. Clark$9(OLS)http://pul/publisher/60876 LEADER 01020nam a2200241 u 4500 001 000000076611 003 CaOOAMICUS 005 20070226123229.0 008 031211s1968 it u000 u ita u 035 $a10979063 040 $aPUL(R)$bita 100 1 $aPenco, Gregorio,$cO.S.B.,$d1926-$0(OLS)http://pul/name/5504 245 10$aStoria del monachesimo in Italia nell'epoca moderna /$cGregorio Penco O.S.B. 260 $aRoma :$bPaoline,$c1968. 300 $a429 p. ;$c20 cm 490 1 $aTempi e figure.$aSerie II ;$v52 650 4$aMonachismo e ordini religiosi$zItalia.$0(OLS)http://pul/subject/6269 830 0$aTempi e figure.$nSerie II ;$v52.$0(OLS)http://pul/title/7711 850 $aPUL 852 $aPUL$W1$xSL Filosofia 1$y2$m133 E 42$j98411$nBK-PRI$b $qStampati$B98411$CPULBib$Z2$F98411 $HPUL45881 $81 941 1 $a8 996 $6245$aStoria del monachesimo in Italia nell'epoca moderna$9(OLS)http://pul/title/100470 996 $6260$aRoma :$bPaoline$9(OLS)http://pul/publisher/50842